000 00258nam a22001217a 4500
008 170223b xxu||||| |||| 00| 0 eng d
041 _aeng
080 _24 ED
_a617
100 _a5
101 _aSHK
245 _aHANBOOK SURGERY
_cWILSON/J/L
942 _2udc
_cBK
999 _c6153
_d6153